| 000 | 00646nam a22002417a 4500 | ||
|---|---|---|---|
| 003 | UA-OsUOA | ||
| 001 | 85615 | ||
| 007 | ta | ||
| 008 | 20120705b un ||||| |||| 00| 0 ukr d | ||
| 100 | _aСтругацкий А. Н. | ||
| 090 |
_a821.161.1 _bС87 |
||
| 942 | _cBK | ||
| 040 |
_aUA-OsUOA _brus _cUA-OsUOA _dUA-OsUOA |
||
| 245 |
_aГрад обреченный _bфантаст. роман |
||
| 300 | _a444 с. | ||
| 955 | _a3 | ||
| 041 | _arus | ||
| 080 | _a821.161.1 | ||
| 020 | _a978-5-17-058209-9 | ||
| 260 |
_aМ. _bАСТ _c2009 |
||
| 650 | 7 |
_a82 Література. Літературознавство _2UDC |
|
| 999 |
_c371890 _d371890 |
||